Islamic Education: BA., BSc, BCom, BBA, MBA, Engineering, MBBS, PCS, CSS (Record no. 234112)
[ view plain ]
| 000 -LEADER | |
|---|---|
| fixed length control field | 00227nam a2200085 4500 |
| 003 - CONTROL NUMBER IDENTIFIER | |
| control field | Nust |
| 005 - DATE AND TIME OF LATEST TRANSACTION | |
| control field | 20170313180348.0 |
| 008 - FIXED-LENGTH DATA ELEMENTS--GENERAL INFORMATION | |
| fixed length control field | 170313b xxu||||| |||| 00| 0 eng d |
| 040 ## - CATALOGING SOURCE | |
| Transcribing agency | . |
| 082 ## - DEWEY DECIMAL CLASSIFICATION NUMBER | |
| Classification number | 297.7 |
| Author Mark | BUK |
| 245 ## - TITLE STATEMENT | |
| Title | Islamic Education: BA., BSc, BCom, BBA, MBA, Engineering, MBBS, PCS, CSS |
| 700 ## - ADDED ENTRY--PERSONAL NAME | |
| Personal name | A.S. Bukhari [...et al.] |
| 942 ## - ADDED ENTRY ELEMENTS (KOHA) | |
| Koha item type | Book |
| Source of classification or shelving scheme | |
| Withdrawn status | Lost status | Source of classification or shelving scheme | Damaged status | Not for loan | Permanent Location | Current Location | Shelving location | Date acquired | Full call number | Barcode | Date last seen | Price effective from | Koha item type | Total Checkouts | Date last checked out |
|---|---|---|---|---|---|---|---|---|---|---|---|---|---|---|---|
| School of Mechanical & Manufacturing Engineering (SMME) | School of Mechanical & Manufacturing Engineering (SMME) | Book Bank | 03/13/2017 | 297.7 BUK | SMME-BB374 | 04/02/2018 | 03/13/2017 | Book | |||||||
| School of Mechanical & Manufacturing Engineering (SMME) | School of Mechanical & Manufacturing Engineering (SMME) | Book Bank | 03/13/2017 | 297.7 BUK | SMME-BB375 | 01/31/2025 | 03/13/2017 | Book | 1 | 09/11/2024 |
